The Last Years of Polish Jewry : Volume 1: at the Edge of the Abyss: Essays, 1927-33.

Bibliographic Details
Main Author: Leshchinsky, Yankev.
Other Authors: Brym, Robert., Jany, Eli.
Format: eBook
Language:English
Published: Cambridge, UK : Open Book Publishers, 2023.
Edition:1st ed.
Subjects:
Online Access:Click to View
LEADER 02329nam a22003733i 4500
001 EBC30406678
003 MiAaPQ
005 20231204023230.0
006 m o d |
007 cr cnu||||||||
008 231204s2023 xx o ||||0 eng d
020 |a 9781800649927  |q (electronic bk.) 
035 |a (MiAaPQ)EBC30406678 
035 |a (Au-PeEL)EBL30406678 
035 |a (OCoLC)1372295823 
040 |a MiAaPQ  |b eng  |e rda  |e pn  |c MiAaPQ  |d MiAaPQ 
100 1 |a Leshchinsky, Yankev. 
245 1 4 |a The Last Years of Polish Jewry :  |b Volume 1: at the Edge of the Abyss: Essays, 1927-33. 
250 |a 1st ed. 
264 1 |a Cambridge, UK :  |b Open Book Publishers,  |c 2023. 
264 4 |c ©2023. 
300 |a 1 online resource (180 pages) 
336 |a text  |b txt  |2 rdacontent 
337 |a computer  |b c  |2 rdamedia 
338 |a online resource  |b cr  |2 rdacarrier 
505 0 |a Intro -- List of Tables -- List of Illustrations -- Introduction -- Robert Brym -- About the translation and the translators -- Background -- 1. On the Sociology of Polish Jewry -- A. Introduction -- B. Population density and geographical segregation -- C. Socio-economic segregation -- D. Political segregation -- E. The influence of heritage -- F. The crisis -- 2. The birth pangs of the Jewish working class -- 3. The heritage of the Jewish factory owner -- Foreground -- 4. National Bolshevism -- 5. A flood of small promissory notes -- 6. Jews are collapsing in the streets from hunger -- 7. At night in the old market -- 8. Three-quarters of the Jewish population lack enough to live on -- 9. The destruction of Jewish economic life in Lodz -- 10. Fallen Jewish Vilna -- 11. The superfluous -- 12. Emigration tragedies -- Index. 
588 |a Description based on publisher supplied metadata and other sources. 
590 |a Electronic reproduction. Ann Arbor, Michigan : ProQuest Ebook Central, 2023. Available via World Wide Web. Access may be limited to ProQuest Ebook Central affiliated libraries.  
655 4 |a Electronic books. 
700 1 |a Brym, Robert. 
700 1 |a Jany, Eli. 
776 0 8 |i Print version:  |a Leshchinsky, Yankev  |t The Last Years of Polish Jewry  |d Cambridge, UK : Open Book Publishers,c2023 
797 2 |a ProQuest (Firm) 
856 4 0 |u https://ebookcentral.proquest.com/lib/matrademy/detail.action?docID=30406678  |z Click to View